000 00517cam a2200181 i 4500
005 20260402095829.0
008 250721s1988 xxu gr 000 0 eng d
020 _a0883445298
082 1 4 _a956
_bM I D
100 1 _aFETON, Thomas P.
_eEditor.
245 1 0 _aMiddle east adirectory of resources /
_cThomas P. Fenton , Mary J. Heffron.
264 3 1 _anew york :
_borbis books,
_c1988.
300 _a144 page.
650 1 7 _amiddle east.
650 1 7 _ahistory.
942 _2ddc
_cBK
999 _c130236
_d130236